| 000 | 01118cam a2200241 a 4500 | ||
|---|---|---|---|
| 003 | EG-GiCUC | ||
| 008 | 090408s2006 ts a g 000 0 ara d | ||
| 040 |
_aEG-GiCUC _bara _cEG-GiCUC |
||
| 092 | 0 | 4 |
_a577.540956 _bB3282 _221 |
| 099 |
_a04 _a577.540956 B3282 |
||
| 100 | 1 |
_aالبتانونى : ك. ح. : _d1936- |
|
| 245 | 1 | 2 |
_aالمعارف التراثية فى صحارى الوطن العربى / _cكمال الدين حسن البتانونى |
| 260 |
_aدبى : _bجائزة زايد الدولية للبيئة : _c2006 |
||
| 300 |
_a350ص : _bايض ؛ _c22سم |
||
| 440 | 0 | _aسلسلة عالم البيئة | |
| 650 | 7 |
_aالبيئة الصحراوية _xزراعة _zالعالم العربى _2qrmak |
|
| 650 | 7 |
_aالبيئة الصحراوية _zالعالم العربى _xالجوانب البيئية _2qrmak |
|
| 902 | _a4 | ||
| 905 |
_aعبير _eمدخل |
||
| 942 |
_2ddc _cBK |
||
| 999 |
_c111963 _d111963 |
||